Автоматизированные рабочие места в системе управления предприятием: сборник научных трудов

מידע ביבליוגרפי
מחבר תאגידי: Ленинградский инженерно-экономический институт им. Пальмиро Тольятти (ИНЖЭКОН)
מחברים אחרים: Соколов Р. В. (редактор)
שפה:רוסית
יצא לאור: Ленинград, 1989
נושאים:
פורמט: MixedMaterials ספר
KOHA link:https://koha.lib.tpu.ru/cgi-bin/koha/opac-detail.pl?biblionumber=236820

MARC

LEADER 00000nam0a2200000 4500
001 236820
005 20231101231511.0
035 |a (RuTPU)RU\TPU\book\257988 
090 |a 236820 
100 |a 20130504d1989 k y0rusy50 ca 
101 0 |a rus 
102 |a RU 
105 |a y z 001zy 
200 1 |a Автоматизированные рабочие места в системе управления предприятием  |e сборник научных трудов  |f Ленинградский инженерно-экономический институт им. Пальмиро Тольятти (ИНЖЭКОН) ; под ред. Р. В. Соколова 
210 |a Ленинград  |d 1989 
215 |a 115 с. 
320 |a Библиогр. в конце ст. 
606 1 |a Труд на предприятиях  |2 stltpush  |3 (RuTPU)RU\TPU\subj\61965  |9 79126 
610 1 |a автоматизация 
610 1 |a автоматизированные рабочие места 
610 1 |a системы управления 
610 1 |a управленческий персонал 
675 |a 658.382  |v 3 
702 1 |a Соколов  |b Р. В.  |4 340 
712 0 2 |a Ленинградский инженерно-экономический институт им. Пальмиро Тольятти (ИНЖЭКОН)  |c (1930-1991)  |2 stltpush  |3 (RuTPU)RU\TPU\col\2563 
801 1 |a RU  |b 63413507  |c 20130504 
801 2 |a RU  |b 63413507  |c 20130604  |g RCR 
942 |c BK